Human resource management / (Record no. 523872)

000 -LEADER
fixed length control field 02277cam a2200373 i 4500
001 - CONTROL NUMBER
control field 18725099
003 - CONTROL NUMBER IDENTIFIER
control field NUST
005 - DATE AND TIME OF LATEST TRANSACTION
control field 20190531061715.0
008 - FIXED-LENGTH DATA ELEMENTS--GENERAL INFORMATION
fixed length control field 150731t2017 njua b 001 0 eng
010 ## - LIBRARY OF CONGRESS CONTROL NUMBER
LC control number 2015030092
020 ## - INTERNATIONAL STANDARD BOOK NUMBER
International Standard Book Number 9780134235455
020 ## - INTERNATIONAL STANDARD BOOK NUMBER
International Standard Book Number 0134235452
038 ## - RECORD CONTENT LICENSOR
Staff Name AZHAR
040 ## - CATALOGING SOURCE
Original cataloging agency DLC
Language of cataloging eng
Transcribing agency DLC
Description conventions rda
Modifying agency DLC
042 ## - AUTHENTICATION CODE
Authentication code pcc
050 00 - LIBRARY OF CONGRESS CALL NUMBER
Classification number HF5549
Item number .D4379 2017
082 00 - DEWEY DECIMAL CLASSIFICATION NUMBER
Classification number 658.3
Edition number 23
100 1# - MAIN ENTRY--PERSONAL NAME
Personal name Dessler, Gary,
Dates associated with a name 1942-
9 (RLIN) 14697
245 10 - TITLE STATEMENT
Title Human resource management /
Statement of responsibility, etc. Gary Dessler, Florida International University.
250 ## - EDITION STATEMENT
Edition statement Fifteenth Edition.
264 #1 - PRODUCTION, PUBLICATION, DISTRIBUTION, MANUFACTURE, AND COPYRIGHT NOTICE
Place of production, publication, distribution, manufacture Boston :
Name of producer, publisher, distributor, manufacturer Pearson Higher Education,
Date of production, publication, distribution, manufacture, or copyright notice [2017].
264 #4 - PRODUCTION, PUBLICATION, DISTRIBUTION, MANUFACTURE, AND COPYRIGHT NOTICE
Date of production, publication, distribution, manufacture, or copyright notice ©2017
300 ## - PHYSICAL DESCRIPTION
Extent xxxv, 675 pages :
Other physical details color illustrations ;
Dimensions 28 cm
336 ## - CONTENT TYPE
Content type term text
Source rdacontent
337 ## - MEDIA TYPE
Media type term unmediated
Source rdamedia
338 ## - CARRIER TYPE
Carrier type term volume
Source rdacarrier
500 ## - GENERAL NOTE
General note Revised edition of the author's Human resource management, 2013.
504 ## - BIBLIOGRAPHY, ETC. NOTE
Bibliography, etc. note Includes bibliographical references and indexes.
505 0# - FORMATTED CONTENTS NOTE
Formatted contents note Introduction -- Introduction to human resource management -- Equal opportunity and the law -- Human resource management strategy and analysis -- Recruitment, placement, and talent management -- Job analysis and the talent management process -- Personnel planning and recruiting -- Employee testing and selection -- Interviewing candidates -- Training and development -- Training and developing employees -- Performance management and appraisal -- Managing employee retention, engagement, and careers -- Compensation -- Establishing strategic pay plans -- Pay for performance and financial incentives -- Benefits and services -- Enrichment topics in human resource management -- Ethics, employee relations, and fair treatment at work -- Labor relations and collective bargaining -- Employee safety and health -- Managing global human resources -- Managing human resources in small and entrepreneurial firms -- Appendices -- Appendix A PHR and SPHR knowledge base -- Appendix B Comprehensive cases -- Glossary -- Name/organization index -- Subject index.
650 #0 - SUBJECT ADDED ENTRY--TOPICAL TERM
Topical term or geographic name entry element Personnel management.
9 (RLIN) 1204
906 ## - LOCAL DATA ELEMENT F, LDF (RLIN)
a 7
b cbc
c orignew
d 1
e ecip
f 20
g y-gencatlg
942 ## - ADDED ENTRY ELEMENTS (KOHA)
Source of classification or shelving scheme
Koha item type Book
Holdings
Withdrawn status Lost status Source of classification or shelving scheme Damaged status Not for loan Permanent Location Current Location Date acquired Total Checkouts Total Renewals Full call number Barcode Date last seen Date last checked out Price effective from Koha item type
          Central Library (CL) Central Library (CL) 05/31/2019 5 5 658.3 DES CL-44 11/07/2025 10/11/2025 05/31/2019 Book
© 2023 Central Library, National University of Sciences and Technology. All Rights Reserved.